Климат - город - человек: В 3-х сборниках; Сб. 1.; Инженерная деятельность человека и геологическая среда

書誌詳細
その他の著者: Котлов Федор Васильевич
言語:ロシア語
出版事項: Москва, Изд-во Моск. ун-та, 1976
主題:
フォーマット: MixedMaterials 図書
KOHA link:https://koha.lib.tpu.ru/cgi-bin/koha/opac-detail.pl?biblionumber=36422

MARC

LEADER 00000nam0a2200000 4500
001 36422
005 20231031001826.0
035 |a (RuTPU)RU\TPU\book\36894 
035 |a BOOK00003546 
090 |a 36422 
100 |a 20011210d1976 u y0rusy50 ca 
101 0 |a rus 
102 |a RU 
105 |a a 000|y 
200 1 |a Климат - город - человек  |e В 3-х сборниках  |f Под ред. Ф. В. Котлова  |h Сб. 1.  |i Инженерная деятельность человека и геологическая среда 
210 |a Москва  |c Изд-во Моск. ун-та  |d 1976 
215 |a 170 с.  |c ил. 
320 |a Списки лит. в конце докл. 
610 1 |a геологическая среда 
610 1 |a человек 
610 1 |a инженерная деятельность 
610 1 |a климат 
610 1 |a город 
610 1 |a сборники 
675 |a 624.131.1  |v 3 
702 1 |a Котлов  |g Федор Васильевич 
801 0 |a RU  |b 63413507  |c 20011210  |g PSBO 
801 2 |a RU  |b 63413507  |c 20130124  |g RCR 
900 |a Экология 
942 |c BK